=LDR 00000nam 2200000 4500 =001 INLIS000000000032632 =005 20130612134630 =008 ***********************************ind** =035 ##$$0010-061300000032632 =041 ##$$a ind =082 ##$$a 658.1 =090 ##$$a 658.1, Pio w =100 ##$$a POIRIER, Charles C =245 ##$$a The wall street diet menuju perusahaan langsung dan sehat, Charles C Poirer, Michael J.Baner, William F. Houser =260 ##$$a 2009 $b Jakarta =300 ##$$a xiv, 296 hlm, illus, 23 cm =650 ##$$a Organisasi ( Manajemen ) =700 ##$$a Baver, Michael =850 ##$$a NBPNMAT =990 ##$$a 96239623 =990 ##$$a 01201709623